Statistiques concernant Drapeaux de pays contenant un animal

Cliquez ici pour prendre le quiz!

Statistiques générales

  • Ce quiz a été pris 95 fois
  • Le résultat moyen est 18 sur 20

Statistiques - réponses

Réponse% Correct
Espagne
100%
Albanie
99%
Croatie
98%
Égypte
98%
Mexique
98%
Andorre
97%
Serbie
97%
Sri Lanka
94%
Kazakhstan
91%
Équateur
90%
Bhoutan
89%
Fidji
89%
Monténégro
89%
Moldavie
88%
Papouasie-Nouvelle- Guinée
86%
Ouganda
84%
Zimbabwe
76%
Kiribati
74%
Zambie
74%
Dominique
73%

Distribution des résultats

Percentile par nombre de réponses

% des personnes avec chaque résultat

Votre développement - résultats

Vous n’avez pas pris ce quiz